Les tresors de l´orfevrerie du Portugal (Record no. 7548)

MARC details
000 -CABECERA
campo de control de longitud fija 00733nam a2200229 a 4500
001 - NÚMERO DE CONTROL
campo de control BRCA_7874
005 - FECHA Y HORA DE LA ÚLTIMA TRANSACCIÓN
campo de control 20190320210032.0
008 - DATOS DE LONGITUD FIJA--INFORMACIÓN GENERAL
campo de control de longitud fija 191113s1955----fr-a######---#000-0#fre-#
041 ## - CÓDIGO DE LENGUA
Código de lengua del texto/banda sonora o título independiente fre
044 ## - CÓDIGO DEL PAÍS DE LA ENTIDAD EDITORA/PRODUCTORA
Código MARC del país fr
050 #4 - SIGNATURA TOPOGRÁFICA DE LA BIBLIOTECA DEL CONGRESO
Número de clasificación NK7163
Número de documento/Ítem .T74 1955
245 10 - MENCIÓN DE TÍTULO
Título Les tresors de l´orfevrerie du Portugal
Resto del título exposition November 1954 Janvier 1955
Mención de responsabilidad, etc. Musee des Arts Decoratifs.
260 ## - PUBLICACIÓN, DISTRIBUCIÓN, ETC.
Lugar de publicación, distribución, etc. París
Nombre del editor, distribuidor, etc. Les Presses Artistiques
Fecha de publicación, distribución, etc. 1955
300 ## - DESCRIPCIÓN FÍSICA
Extensión 96 p.
Otras características físicas il., 193 láminas
Dimensiones 21 cm.
500 ## - NOTA GENERAL
Nota general Y138
650 14 - PUNTO DE ACCESO ADICIONAL DE MATERIA--TÉRMINO DE MATERIA
Término de materia o nombre geográfico como elemento de entrada Orfebrería portuguesa
Subdivisión de forma Exposiciones
9 (RLIN) 18787
650 14 - PUNTO DE ACCESO ADICIONAL DE MATERIA--TÉRMINO DE MATERIA
Término de materia o nombre geográfico como elemento de entrada Platería portuguesa
9 (RLIN) 18786
650 14 - PUNTO DE ACCESO ADICIONAL DE MATERIA--TÉRMINO DE MATERIA
Término de materia o nombre geográfico como elemento de entrada Galerías y museos
Subdivisión geográfica Francia
9 (RLIN) 7839
710 2# - PUNTO DE ACCESO ADICIONAL--NOMBRE DE ENTIDAD CORPORATIVA
Nombre de entidad corporativa o nombre de jurisdicción como elemento de entrada Musee des Arts Decoratifs (París)
9 (RLIN) 17354
902 ## - CATALOGADOR
Iniciales GFM
942 ## - ELEMENTOS DE PUNTO DE ACCESO ADICIONAL (KOHA)
Fuente del sistema de clasificación o colocación Library of Congress Classification
Tipo de ítem Koha Libros
Holdings
Estado de retiro Estado de pérdida Estado dañado No para préstamo Localización permanente Ubicación/localización actual Fecha de adquisición Número de inventario Total de préstamos Signatura topográfica completa Código de barras Fecha visto por última vez Precio válido a partir de Tipo de ítem Koha
El ejemplar forma parte de la colección y puede ser consultado según las políticas vigentes.       Biblioteca del Museo Franz Mayer (Rogerio Casas-Alatriste) Biblioteca del Museo Franz Mayer (Rogerio Casas-Alatriste) 19/11/2013 Y138   NK7163 .T74 1955 (Y138) 8485 22/03/2019 22/03/2019 Libros